000 00950nam a2200289Ia 4500
003 OSt
005 20221005092756.0
006 a|||||r|||| 00| 0
007 ta
008 221004b |||||||| |||| 00| 0 eng d
020 _a9783319221946 (hbk)
_c7565.23
024 _a26260
037 _b240, 22/03/2016, Excel Book International
_cTextual
040 _aCRL
_cCRL
_beng
041 _2eng
_aeng
082 _aR39(C81), Q6
100 _aMolder Bruno Ed.
_9617754
245 0 _aPhilosophy and psychology of time
260 _aNew York
_bSpringer U.S.A.
_c2016
300 _avi, 271p.
_ccm.
490 _aStudies in brain and mind; Vol. 9
650 _aPSYCHOLOGY
700 _a Arstila Valtteri Ed.
_9617755
700 _a Ohrstrom Peter Ed.
_9617756
942 _hR39(C81), Q6
_cTEXL
_2cc
999 _c999350
_d999350